000 01659nam a2200253Ia 4500
003 Ost
005 20260507074914.0
008 260507s9999||||xx |||||||||||||| ||und||
020 _a9789957062897
040 _cfsecg
041 _aara
082 _a658
100 _aعباس، علي
_eمؤلف
245 0 _aإدارة الاعمال الدولية :
_bالمدخل العام /
_c علي عباس
260 _aعمان:
_bدار المسيرة للنشر والتوزيع,
_c2009
300 _a399 صفحة؛
_bإيضاحات ؛
_c24 سم
520 _aالأعمال الدولية طبيعتها مجالاتها تنظيمها، التجارة الدولية، ميزان المدفوعات وأسعار صرف العملات، الاستثمار الأجنبي في الدول النامية، الادارة الاستراتيجية في الشركات متعددة الجنسية، التخطيط الاستراتيجي في الشركات متعددة الجنسية، تحليل المخاطر السياسية للاستثمار الأجنبي والبيئة القانونية، البيئة المالية والنقدية، البيئة المالية: المؤسسات المالية الدولية والاقليمية، البيئة الثقافية والاجتماعية للاعمال الدولية، تنمية الموارد البشرية في الاعمال الدولية، موضوعات خاصة في التسويق الدولي
653 _aالادارة
653 _aالاستراتيجية
653 _aالتخطيط
653 _aالتسويق
653 _aالقوى العاملة
942 _cكتاب
999 _c41761
_d41761